00460nam a2200169Ia 450000500170000000800410001702000150005808200210007310000410009424500310013526000620016630000150022865000110024365000130025465000130026765000100028020250115011523.0240331s9999 xx 000 0 und d a9987600018 bGEN23753a305.3 aTanzania Gender Networking Programme 0aGender Profile of Tanzania aDar es SalaambTanzania Gender Networking Programmec1993 av, 176 p., aGender aTanzania aEquality aWomen